000
00348nam a2200145Ia 4500
008
220216s9999 xx 000 0 und d
100
_a
Philip S
245
0
_a
Podikkumil rogavum niyanthranavum
260
_b
Rubber
_c
2018
300
_a
10-Jul
650
_a
Disease control
650
_a
Powdery mildew
650
_a
Rubber Disease
942
_c
BS
999
_c
50236
_d
50236